Enabling Positive Change. Flow and Complexity in Daily Experience (Record no. 27680)
[ view plain ]
| 000 -LEADER | |
|---|---|
| fixed length control field | 00504nam a2200121Ia 4500 |
| 008 - FIXED-LENGTH DATA ELEMENTS--GENERAL INFORMATION | |
| fixed length control field | 220620s9999||||xx |||||||||||||| ||und|| |
| 100 ## - MAIN ENTRY--PERSONAL NAME | |
| Personal name | Riva, Giuseppe||Riva, Eleonora||Inghilleri, Paolo |
| 245 #0 - TITLE STATEMENT | |
| Title | Enabling Positive Change. Flow and Complexity in Daily Experience |
| 546 ## - LANGUAGE NOTE | |
| Language note | English[eng] |
| 650 ## - SUBJECT ADDED ENTRY--TOPICAL TERM | |
| Topical term or geographic name entry element | Flow of Consciousness||Cultural Artifacts||Subjective experience||Positive Psychology||Identity development||Psychological Change |
| 856 ## - ELECTRONIC LOCATION AND ACCESS | |
| Uniform Resource Identifier | <a href="https://doi.org/10.2478/9783110410242">https://doi.org/10.2478/9783110410242</a> |
| 942 ## - ADDED ENTRY ELEMENTS (KOHA) | |
| Koha item type | E-Books |
| Withdrawn status | Lost status | Damaged status | Not for loan | Home library | Current library | Date acquired | Total Checkouts | Date last seen | Price effective from | Koha item type |
|---|---|---|---|---|---|---|---|---|---|---|
| Kerala University of Digital Sciences, Innovation and Technology Knowledge Centre | Kerala University of Digital Sciences, Innovation and Technology Knowledge Centre | 20/06/2022 | 20/06/2022 | 20/06/2022 | E-Books |